Vista normal
Vista MARC
Entrada Materia (personas)
Número de registros utilizados en: 2
001 - CONTROL NUMBER
- control field: 44626
003 - CONTROL NUMBER IDENTIFIER
- control field: Co-BoUCM
005 - DATE AND TIME OF LATEST TRANSACTION
- control field: 20130909103525.0
008 - FIXED-LENGTH DATA ELEMENTS
- fixed length control field: 130909|| aca||aabn | a|a d
040 ## - CATALOGING SOURCE
- Original cataloging agency: Co-BoUCM
- Transcribing agency: Co-BoUCM
100 ## - HEADING--PERSONAL NAME
- Personal name: Feuerbach, Ludwig
670 ## - SOURCE DATA FOUND
- Source citation: Work cat.: (Co-BoUCM)166734: Marx, Karl 2283, La ideología alemana y otros escritos filosóficos, 2010